| 000 | 00875nam a2200229 a 4500 | ||
|---|---|---|---|
| 001 | 44016 | ||
| 003 | BD-RjUL | ||
| 005 | 20211209053803.0 | ||
| 008 | 160712s1917 ii ||||| |||| 00| f ben d | ||
| 020 | _c: IRs. 1.00 | ||
| 035 | _a(BD-RjUL)44134 | ||
| 040 |
_aBD-RjUL _bben _cBD-RjUL |
||
| 041 | _aben | ||
| 082 |
_223 _a891.443 _bMUP 1917 |
||
| 100 |
_aমুখোপাধ্যায়, প্রভাতকুমার _9135203 |
||
| 245 | 1 | 0 |
_aপত্রপুষ্প : _b( গল্পগ্রন্থ ) _cপ্রভাতকুমার মুখোপাধ্যায় |
| 260 |
_aকলিকাতা : _bমানসী প্রেস, _c১৯১৭ (১৩২৪) |
||
| 300 |
_a[৮], ১৯৮ পৃ. ; _c১৮ সেমি. |
||
| 650 |
_aবাংলা উপন্যাস _9135204 |
||
| 650 |
_aBengali Fiction _9135205 |
||
| 942 |
_2ddc _cBK |
||
| 999 |
_c44016 _d44016 |
||